Envejecimiento, personas mayores y agenda 2030 para el desarrollo sostenible (Registro nro. 4595)

Detalles MARC
000 -LEADER
fixed length control field 01348 a2200229 4500
001 - CONTROL NUMBER
control field 48455
005 - DATE AND TIME OF LATEST TRANSACTION
control field 20260407155749.0
008 - FIXED-LENGTH DATA ELEMENTS--GENERAL INFORMATION
fixed length control field 260407a2018 arg spa d
003 - CONTROL NUMBER IDENTIFIER
control field AR-UNSa-BCEJYS
040 ## - CATALOGING SOURCE
Original cataloging agency AR-UNSa-BCEJYS
Language of cataloging spa
Transcribing agency AR-UNSa-BCEJYS
080 ## - UNIVERSAL DECIMAL CLASSIFICATION NUMBER
Universal Decimal Classification number 347.159
Common auxiliary subdivision Derecho de la Personas Mayores
020 ## - INTERNATIONAL STANDARD BOOK NUMBER
International Standard Book Number 978-92-1-122002-5
041 ## - LANGUAGE CODE
Language code of text/sound track or separate title spa
100 1# - MAIN ENTRY--PERSONAL NAME
Personal name Huenchuan, Sandra
245 10 - TITLE STATEMENT
Title Envejecimiento, personas mayores y agenda 2030 para el desarrollo sostenible
Name of part/section of a work perspectiva regional y de derecho humanos
264 #1 - PRODUCTION, PUBLICATION, DISTRIBUTION, MANUFACTURE, AND COPYRIGHT NOTICE
Place of production, publication, distribution, manufacture Santiago de Chile :
Name of producer, publisher, distributor, manufacturer CEPAL (Comisión Económica para América Latina y el Caribe)
Date of production, publication, distribution, manufacture, or copyright notice 2018
300 ## - PHYSICAL DESCRIPTION
Extent 251 p.
Dimensions 22 cm.
505 ## - FORMATTED CONTENTS NOTE
Formatted contents note 1. Cambio demográfico, disparidades y convergencias regionales - 2. Situación sociodemográfica de las personas mayores en América Latina y el Caribe - 3. Los derechos humanos en un contexto de envejecimiento y la protección de los derechos de las personas mayores - 4. La universalización de la protección social de la vejez en el contexto de la Agenda 2030 - 5. Las disparidades que afectan los derechos humanos de las personas mayores y el cumplimiento de los ODS - 6. Síntesis y conclusiones -
590 ## - LOCAL NOTE (RLIN)
Local note niveau_biblio:m niveau_hierar:0
856 41 - ELECTRONIC LOCATION AND ACCESS
Uniform Resource Identifier <a href="https://www.biblioeco.unsa.edu.ar/pmb/images/libros/L127892.jpg">https://www.biblioeco.unsa.edu.ar/pmb/images/libros/L127892.jpg</a>
Link text Imagen de portada
Electronic format type image/jpeg
942 ## - ADDED ENTRY ELEMENTS (KOHA)
Koha item type
Existencias
Withdrawn status Lost status Damaged status Not for loan Home library Current library Shelving location Date acquired Total checkouts Full call number Barcode Date last seen Price effective from Koha item type
        Biblioteca Prof. Eusebio Cleto del Rey Biblioteca Prof. Eusebio Cleto del Rey   07/04/2026   347.159 H887 L127892 07/04/2026 07/04/2026 Libro